<?xml version="1.0" encoding="UTF-8"?>
<record
    xmlns:xsi="http://www.w3.org/2001/XMLSchema-instance"
    xsi:schemaLocation="http://www.loc.gov/MARC21/slim http://www.loc.gov/standards/marcxml/schema/MARC21slim.xsd"
    xmlns="http://www.loc.gov/MARC21/slim">

  <leader>00544nam a2200169Ia 4500</leader>
  <controlfield tag="008">090711s9999    xx            000 0 und d</controlfield>
  <datafield tag="082" ind1=" " ind2=" ">
    <subfield code="b">74586</subfield>
  </datafield>
  <datafield tag="100" ind1=" " ind2=" ">
    <subfield code="a">&#x92E;&#x939;&#x93E;&#x932;&#x947; &#x930;&#x92E;&#x947;&#x936; &#x915;&#x947;.</subfield>
  </datafield>
  <datafield tag="245" ind1=" " ind2=" ">
    <subfield code="a">&#x935;&#x93F;&#x91C;&#x94D;&#x91E;&#x93E;&#x928;&#x93E;S&#x93E;&#x940; &#x915;&#x93F;&#x92E;&#x92F;&#x93E;</subfield>
  </datafield>
  <datafield tag="260" ind1=" " ind2=" ">
    <subfield code="c">1994</subfield>
  </datafield>
  <datafield tag="300" ind1=" " ind2=" ">
    <subfield code="a">65</subfield>
  </datafield>
  <datafield tag="600" ind1=" " ind2=" ">
    <subfield code="a">&#x92E;&#x939;&#x93E;&#x932;&#x947; &#x930;&#x92E;&#x947;&#x936; &#x915;&#x947;.</subfield>
  </datafield>
  <datafield tag="630" ind1=" " ind2=" ">
    <subfield code="a">&#x935;&#x93F;&#x91C;&#x94D;&#x91E;&#x93E;&#x928;&#x93E;S&#x93E;&#x940; &#x915;&#x93F;&#x92E;&#x92F;&#x93E;</subfield>
  </datafield>
  <datafield tag="700" ind1=" " ind2=" ">
    <subfield code="a">&#x92E;&#x939;&#x93E;&#x932;&#x947; &#x930;&#x92E;&#x947;&#x936; &#x915;&#x947;.</subfield>
  </datafield>
  <datafield tag="730" ind1=" " ind2=" ">
    <subfield code="a">&#x935;&#x93F;&#x91C;&#x94D;&#x91E;&#x93E;&#x928;&#x93E;S&#x93E;&#x940; &#x915;&#x93F;&#x92E;&#x92F;&#x93E;</subfield>
  </datafield>
  <datafield tag="942" ind1=" " ind2=" ">
    <subfield code="c">BOOK</subfield>
  </datafield>
  <datafield tag="999" ind1=" " ind2=" ">
    <subfield code="c">297237</subfield>
    <subfield code="d">297237</subfield>
  </datafield>
  <datafield tag="952" ind1=" " ind2=" ">
    <subfield code="0">0</subfield>
    <subfield code="1">0</subfield>
    <subfield code="4">0</subfield>
    <subfield code="7">0</subfield>
    <subfield code="a">DASAVA</subfield>
    <subfield code="b">DASAVA</subfield>
    <subfield code="d">2009-07-11</subfield>
    <subfield code="g">25.00</subfield>
    <subfield code="l">0</subfield>
    <subfield code="o">74586</subfield>
    <subfield code="p">DASAVA-74586</subfield>
    <subfield code="r">2009-07-11 00:00:00</subfield>
    <subfield code="v">25.00</subfield>
    <subfield code="w">2009-07-11</subfield>
    <subfield code="y">BOOK</subfield>
  </datafield>
</record>
